Els castells catalans. (Record no. 42192)
[ view plain ]
| 000 -LEADER | |
|---|---|
| campo de control de longitud fija | 00616nam a2200169 i 4500 |
| 001 - NÚMERO DE CONTROL | |
| campo de control | 42192 |
| 003 - IDENTIFICADOR DE NÚMERO DE CONTROL | |
| campo de control | ES-MaACL |
| 005 - FECHA Y HORA DE LA ÚLTIMA TRANSACCIÓN | |
| campo de control | 20230906160550.0 |
| 007 - CAMPO FIJO DE DESCRIPCIÓN FÍSICA--INFORMACIÓN GENERAL | |
| campo de control de longitud fija | t| |
| 008 - DATOS DE LONGITUD FIJA--INFORMACIÓN GENERAL | |
| campo de control de longitud fija | 030312m19661976sp ||||1| cat d |
| 245 04 - MENCIÓN DEL TÍTULO | |
| Título | Els castells catalans. |
| 260 ## - PUBLICACIÓN, DISTRIBUCIÓN, ETC. | |
| Lugar de publicación, distribución, etc. | Barcelona : |
| Nombre del editor, distribuidor, etc. | Rafael Dalmau, |
| Fecha de publicación, distribución, etc. | 1966-[1976] |
| 300 ## - DESCRIPCIÓN FÍSICA | |
| Extensión | 6 v. en 69 fasc. : |
| Otras características físicas | il. ; |
| Dimensiones | 35 cm. |
| 505 8# - NOTA DE CONTENIDO CON FORMATO | |
| Nota de contenido con formato | Contiene: V. I: 20 fasc. -- V. II: 8 fasc. -- V. III: fasc. 13-22. -- V. IV: fasc. 1 a 18 y 20-24. -- V. V: fasc. y 23-24. -- V. VI: fasc. 5-6, 8-12, 15 y 17-20, 24, 25 |
| 650 #4 - PUNTO DE ACCESO ADICIONAL DE MATERIA--TÉRMINO DE MATERIA | |
| Término de materia o nombre geográfico como elemento de entrada | Castillos- |
| Subdivisión geográfica | Cataluña. |
| 9 (RLIN) | 168258 |
| 852 ## - LOCALIZACIÓN | |
| Ubicación | ES-MaACL |
| Número de control de estantería | P-1150 |
| Sublocalización o colección | R.62430 |
| Estatus retirado | Estado de pérdida | Estado de daño | No para préstamo | Biblioteca de origen | Biblioteca actual | Ubicación en estantería | Fecha de adquisición | Fuente de adquisición | Total de préstamos | Signatura topográfica completa | Código de barras | Visto por última vez | Precio de reemplazo | Tipo de ítem Koha |
|---|---|---|---|---|---|---|---|---|---|---|---|---|---|---|
| Biblioteca del Ateneo de Madrid | Biblioteca del Ateneo de Madrid | Depósito 2 | 17/01/2008 | P-1150 | 1044406 | 23/02/2023 | 23/02/2023 | Libro impreso |
